| 000 | 00755nam a2200205 a 4500 | ||
|---|---|---|---|
| 001 | BRCA_7058 | ||
| 005 | 20190321142936.0 | ||
| 008 | 031211s2010----po-ac#####---#000-0#por-# | ||
| 020 | _a9789899577688 | ||
| 041 | _apor | ||
| 044 | _apo | ||
| 050 | 4 | _b.V37 2010 | |
| 100 | 1 |
_aVasconcelos e Sousa, Gonçalo de _917540 |
|
| 245 | 1 | 0 |
_aPercursos da Joalharia em Portugal _bséculos XVIII a XX _cGonçalo de Vasconcelos e Sousa. |
| 260 |
_aPortugal _bCentro de Investigação em Ciência e Tecnologia das Artes (CITAR) da Universidade Católica Portuguesa _c2010 |
||
| 300 |
_a379 p. _bil. (algunas a color) _c25 cm. |
||
| 500 | _aDonación de Gonçalo de Vasconcelos e Sousa | ||
| 650 | 1 | 4 |
_aDiseño de joyas _ySiglo XVIII-XX _zPortugal _917541 |
| 942 |
_2lcc _cB |
||
| 999 |
_c6739 _d6739 |
||